|
|
|
|
| LEADER |
00000nam0a2200000 4500 |
| 001 |
246934 |
| 005 |
20231101232244.0 |
| 010 |
|
|
|a 594621117X
|
| 035 |
|
|
|a (RuTPU)RU\TPU\book\268401
|
| 090 |
|
|
|a 246934
|
| 100 |
|
|
|a 20131212d2003 m y0rusy50 ca
|
| 101 |
0 |
|
|a rus
|
| 102 |
|
|
|a RU
|
| 105 |
|
|
|a a j 001zy
|
| 200 |
1 |
|
|a Астрофизика
|e учебное пособие
|f В. А. Тамаров
|g Томский государственный университет (ТГУ)
|
| 210 |
|
|
|a Томск
|c Изд-во ТГУ
|d 2003
|
| 215 |
|
|
|a 269 с.
|c ил.
|
| 320 |
|
|
|a Библиогр.: с. 266.
|
| 330 |
|
|
|a Пособие содержит материал, относящийся к курсу общей астрофизики, и адресовано, в первую очередь, студентам, не специализирующимся в области астрофизики, но в учебные планы которых этот предмет входит как обязательный.
|
| 606 |
1 |
|
|a Астрофизика
|2 stltpush
|3 (RuTPU)RU\TPU\subj\29580
|9 52873
|
| 610 |
1 |
|
|a учебные пособия
|
| 610 |
1 |
|
|a фотометрические понятия
|
| 610 |
1 |
|
|a фотометрические единицы
|
| 610 |
1 |
|
|a наблюдения
|
| 610 |
1 |
|
|a инструменты
|
| 610 |
1 |
|
|a звезды
|
| 610 |
1 |
|
|a спектры
|
| 610 |
1 |
|
|a двойные звезды
|
| 610 |
1 |
|
|a звездные массы
|
| 610 |
1 |
|
|a внутренее строение
|
| 610 |
1 |
|
|a эволюция
|
| 610 |
1 |
|
|a Солнце
|
| 610 |
1 |
|
|a переменные звезды
|
| 610 |
1 |
|
|a компактные звезды
|
| 610 |
1 |
|
|a межзвездная среда
|
| 675 |
|
|
|a 52:53(075.8)
|v 3
|
| 700 |
|
1 |
|a Тамаров
|b В. А.
|g Вячеслав Аркадьевич
|
| 712 |
0 |
2 |
|a Томский государственный университет (ТГУ)
|2 stltpush
|3 (RuTPU)RU\TPU\col\397
|
| 801 |
|
1 |
|a RU
|b 63413507
|c 20131212
|
| 801 |
|
2 |
|a RU
|b 63413507
|c 20131219
|g RCR
|
| 942 |
|
|
|c BK
|